| 000 | 00541nam a2200181Ia 4500 | ||
|---|---|---|---|
| 003 | GCL | ||
| 008 | 140319s9999 xx 000 0 ara d | ||
| 040 |
_aGCL / _cGCL |
||
| 082 | 0 | 4 |
_a810.9 _bا ص |
| 100 | 1 | _aالويلى محمد | |
| 245 | 1 | 0 |
_aالصورة الشعرية فى الخطاب البلاغى والنقدى / _cالويلى محمد |
| 260 |
_a[S.N] : _bالمركز الثقافى العربى ، _c1990 |
||
| 300 | _a304 ص | ||
| 490 | _a | ||
| 650 | 0 | 4 | _aالادب |
| 650 | 0 | 4 | _aتاريخ ونقد |
| 942 |
_2ddc _cBK |
||
| 999 |
_c39681 _d39681 |
||